Statistics for African Cities By Metropolitian Area

Click here to take the quiz!

General Stats

  • This quiz has been taken 56 times
  • The average score is 16 of 18

Answer Stats

HintAnswer% Correct
14.6 MLagos
100%
9.7 MCairo
98%
4.5 MJohannesburg
98%
7.9 MKinshasa-Brazzaville
98%
2.8 MAddis Ababa
95%
4.4 MNairobi
95%
4.0 MAlexandria
93%
3.5 MCape Town
93%
3.4 MCasablanca
90%
4.4 MDar Es Salaam
90%
4.3 MAbidjan
88%
2.5 MDakar
88%
3.1 MKhartoum-Omdurman
88%
4.9 MAlgiers
85%
3.0 MDurban
83%
2.6 MKano
83%
2.5 MIbadan
60%
1.7 MDouala
58%

Score Distribution

Percentile by Number Answered

Percent of People with Each Score

Your Score History

You have not taken this quiz